The ultimate Greys anatomy Quiz 🎬 - Statistics

General Stats
  • This quiz has been taken 238 times
  • The average score is 12 of 30
Answer Stats
Hint Answer % Correct
How many times did April get fired? 2
91%
In which season did the ferry boat incident happen? 3
80%
The show Grey's Anatomy started airing in which year? 2005
75%
What disease did Meredith Grey's mother have? Alzheimer's
73%
George O Malley gets which STD from Nurse Olivia? Syphilis
73%
What was the name of the hospital in the beginning? Seattle Grace Hospital
69%
How many original characters are left as of season 17? 4
67%
What does George refuse to buy for Izzie and Meredith? Tampons
63%
What type of alcohol was Yang's and Mer's favorite? Tequila
62%
Which patient and doctor got married for insurance reasons? Henry and Teddy
55%
Who was Doctor Model? Izzie Stevens
54%
How many seconds before did Erica Hanh's patient gets admitted to the transplant list before Denny in the show? 17
52%
When do Derek and Meredith officially get married? 8
51%
Meredith once dropped a heart. True or False? False
47%
Matthew proposed April with? Flashmob
43%
What nickname did Meredith Grey earn from her interns? Medusa
40%
Who shot Derek in the show? Gary Clark
38%
What was the name of Mark Sloan's first daughter? Sloan Riley
36%
In season 5, the medical doctors visit which department for the first time? Dermatology
34%
What was the name of the doll with plastic organs? Anatomy Jane
19%
What kind of pregnancy did Cristina Yang have? Ectopic pregnancy
19%
In the first season, Derek tells Meredith his favorite color. What is it? Indigo
15%
If you aren't willing to keep looking for light in the darkest of places without stopping, even when it seems impossible, you will never succeed. Who said these lines on the show? Amelia
11%
Which type of cancer was Izzie diagnosed with? Metastatic Melanoma
11%
What is the actual name of Jo's Bar? Emerald City Bar
7%
What was the name of the first episode of Grey s Anatomy? Hard Day's Night
6%
What was the name of the man with who Dr. Bailey stayed when he was quarantined? Omar
3%
What party did Owen Hunt through to raise money for the hospital? Carnival
2%
How many nieces and nephews does Derek have? 5 nephews and 9 nieces
1%
What is Meredith's address in the series? 613 Harper Lane
1%
No matching quizzes found
Score Distribution
Percent of People with Each Score
Percentile by Number Answered
Your Score History
You have not taken this quiz